The Use of Suistainable Irrigation for Poverty Alleviation in Tanzania (Record no. 6999)
[ view plain ]
| 000 -LEADER | |
|---|---|
| fixed length control field | 00573nam a22001337a 4500 |
| 008 - FIXED-LENGTH DATA ELEMENTS--GENERAL INFORMATION | |
| fixed length control field | 200414b ||||| |||| 00| 0 eng d |
| 020 ## - INTERNATIONAL STANDARD BOOK NUMBER | |
| International Standard Book Number | 9987 417 28 0 |
| 100 ## - MAIN ENTRY--PERSONAL NAME | |
| Personal name | MWAKALILA,Shadrack |
| 245 ## - TITLE STATEMENT | |
| Title | The Use of Suistainable Irrigation for Poverty Alleviation in Tanzania |
| Remainder of title | The Case of Smalleholder Irrigation Schemes in Igurusi,Mbarali District |
| Statement of responsibility, etc. | Shadrack Mwakalaand Christine Noe |
| Medium | English |
| 260 ## - PUBLICATION, DISTRIBUTION, ETC. (IMPRINT) | |
| Place of publication, distribution, etc. | Dar Es Salaam |
| Name of publisher, distributor, etc. | Research on Poverty Alleviation |
| Date of publication, distribution, etc. | 2004 |
| 300 ## - PHYSICAL DESCRIPTION | |
| Extent | xii,55p. |
| Other physical details | Illustration |
| Dimensions | 18cm |
| 650 ## - SUBJECT ADDED ENTRY--TOPICAL TERM | |
| Source of heading or term | Research Report on Poverty Alleviation |
| 942 ## - ADDED ENTRY ELEMENTS (KOHA) | |
| Source of classification or shelving scheme | |
| Koha item type | BOOKS |
| Withdrawn status | Lost status | Source of classification or shelving scheme | Damaged status | Not for loan | Home library | Current library | Date acquired | Total Checkouts | Barcode | Date last seen | Price effective from | Koha item type |
|---|---|---|---|---|---|---|---|---|---|---|---|---|
| Mwanza | Mwanza | 14/04/2020 | 10000002776 | 14/04/2020 | 14/04/2020 | BOOKS | ||||||
| Mwanza | Mwanza | 14/04/2020 | 10000002777 | 14/04/2020 | 14/04/2020 | BOOKS |